000 00701nam a2200193Ia 4500
005 20260429112334.0
008 260429s9999||||xx |||||||||||||| ||und||
020 _a9789352211777
041 _aHindi
082 _a891.431
_bGUP
100 _aगुप्ता, सरोज
245 0 _aप्रगति शील चिंतक सिया राम चरण गुप्त :
_bसंपूर्ण काव्य /
_cसरोज गुप्ता
250 _a1st ed.
260 _aप्रयागराज :
_bलोकभारती प्रकाशन,
_c2016.
300 _axxiii, 556 p.; Hb
440 _vखंड- 1
650 _aPoetry--Collection
942 _cTB
999 _c53573
_d53573